000 00327pam a2200133 a 4500
020 _c
041 _h
082 _a823.914
100 _aMURARI (Timeri N.)
_eauthor
245 _aThe Imperial Agent
_hTextual Document
260 _bPenguin Books India Pvt. Ltd. New Delhi , London
_c2008
300 _ax, 498
930 _a10624
999 _c841382
_d841382